000 00309nam a22001337a 4500
020 _a978-0672322174
041 _aENG
100 _aPerry.G
245 _aSams Teach Yourself Microsoft Windows XP In 24 Hours
260 _aDelhi
_bTechmedia
_c1998
300 _a434
650 _aComputer
856 _uComputer
999 _c772
_d772